Podporná sieť pre malé a veľké podniky v Slovenskej republike

Malé a stredné podniky v programoch EÚ pre výskum, vývoj a inovácie. Sieť Enterprise Europe Network je kľúčovým nástrojom podpory a stratégie EÚ pre posilnenie rastu a zamestnanosti. Podpora Enterprise Europe Network pre slovenské MSP.

Guardado en:
Detalles Bibliográficos
Autor principal: Kopkáš, Peter
Formato: Capítulo de libro
Lenguaje:eslovaco
Materias:
Etiquetas: Agregar Etiqueta
Sin Etiquetas, Sea el primero en etiquetar este registro!

MARC

LEADER 00000nla$a2200000$$$4500
001 0136069
005 20240502072525.5
041 0 |a slo 
044 |a SK 
245 1 0 |a Podporná sieť pre malé a veľké podniky v Slovenskej republike  |c Peter Kopkáš 
520 |a Malé a stredné podniky v programoch EÚ pre výskum, vývoj a inovácie. Sieť Enterprise Europe Network je kľúčovým nástrojom podpory a stratégie EÚ pre posilnenie rastu a zamestnanosti. Podpora Enterprise Europe Network pre slovenské MSP. 
610 2 0 |a Európska únia 
610 2 0 |a Slovensko 
610 2 0 |a stratégia hospodárska 
610 2 0 |a politika zamestnanosti 
610 2 0 |a podnik malý 
610 2 0 |a podnik stredný 
610 2 0 |a podpora podnikania 
610 2 0 |a inovácia 
610 2 0 |a výskum 
610 2 0 |a vývoj 
610 2 0 |a spolupráca medzinárodná 
100 1 |a Kopkáš, Peter